000 00889nam a2200205Ii 4500
003 JO-AjNU
008 230605s9999||||xx |||||||||||||| ||und||
040 _aJO-AjNU
_bara
_erda
_cJO-AjNU
041 _aara
050 1 4 _aKMM395.N586.2004
100 3 _a نمور، محمد سعيد,
_eauthor
_946566
245 0 0 _aدراسات في فقه القانون الجنائي : دراسة في الخطوة الإجرامية ، وقف التنفيذ ، تعدد الجرائم ، الظروف المخففة للعقوبة ، التدخل في الجريمة ، الفاعل المعنوي للجريمة ، إعادة المحاكمة
250 _aط1
264 3 1 _aعمان : دار النفائس ، 2004
300 _a592ص
336 _atext
_btxt
_2rdacontent
337 _aunmediated
_bn
_2rdamedia
338 _avolume
_bnc
_2rdacarrier
650 4 _aقانون جنائي
_946567
999 _aA20268
_c23836
_d23836